|
|
|
|
| LEADER |
00000cas a2200000 a 4500 |
| 001 |
vtls001375908 |
| 003 |
SK-MaSNL |
| 005 |
20260228155714.0 |
| 008 |
991029d19721992xo r p 0 0b0slo |
| 022 |
|
|
|a 0231-6110
|
| 035 |
|
|
|a SNK000329823
|
| 040 |
|
|
|a SNK
|b slo
|c SNK
|e AACR2
|
| 041 |
0 |
|
|a slo
|
| 044 |
|
|
|a xo
|c SK
|
| 072 |
|
7 |
|a 62
|x Technika všeobecne
|2 konspekt
|
| 080 |
|
|
|a 001
|2 2011
|
| 080 |
|
|
|a 62
|2 2011
|
| 080 |
|
|
|a 050
|2 2011
|
| 080 |
|
|
|a (055)
|2 2011
|
| 210 |
0 |
|
|a Nov. vedy tech.
|
| 222 |
|
0 |
|a Novosti vedy a techniky
|
| 245 |
0 |
0 |
|a Novosti vedy a techniky
|
| 260 |
|
|
|a Bratislava
|b Slovenská technická knižnica
|c 1972-1992
|
| 300 |
|
|
|a zv.
|
| 310 |
|
|
|a 26x ročne
|
| 362 |
0 |
|
|a 1972-1992
|
| 500 |
|
|
|a Podnázov: informačný bulletin : informácie zo slovenskej vedy a techniky
|
| 500 |
|
|
|a Bulletin pre hromadné oznamovacie prostriedky
|
| 500 |
|
|
|a Vychádzal v spolupráci s Klubom vedy a techniky pri Zväze slovenských novinárovveda
|
| 650 |
0 |
7 |
|a veda
|2 SNKPH
|9 1599
|
| 650 |
0 |
7 |
|a technika
|2 SNKPH
|9 671
|
| 655 |
|
7 |
|a bulletiny
|2 SNKPH
|9 70453
|
| 910 |
|
|
|a snk
|
| 999 |
|
|
|c 284
|d 284
|
| 952 |
|
|
|0 0
|1 0
|4 0
|7 0
|8 0
|a SNK
|b SNK
|d 1999-10-29
|l 0
|o snkČSB 2196/3/1974/3
|p 17A0217890
|r 2005-01-02 00:00:00
|w 2026-02-21
|y PREZ
|
| 952 |
|
|
|0 0
|1 0
|4 0
|7 0
|a SNK
|b SNK
|d 2009-03-31
|i snkČSP 1415/74
|l 0
|o snkČSB 2196/3/1974/1 D1
|p 17A0614321
|r 2026-02-21 19:31:03
|t č. 1-8
|w 2026-02-21
|y PREZ
|
| 952 |
|
|
|0 0
|1 0
|4 0
|7 0
|a SNK
|b SNK
|d 2009-03-31
|i snkČSP 1416/74
|l 0
|o snkČSB 2196/3/1974/2 D1
|p 17A0614320
|r 2026-02-21 19:31:03
|t č. 9-16
|w 2026-02-21
|y PREZ
|
| 952 |
|
|
|0 0
|1 0
|4 0
|7 0
|a SNK
|b SNK
|d 2009-03-31
|i snkČSP 815/76
|l 0
|o snkČSB 2196/3/1974/3 D1
|p 17A0614072
|r 2026-02-21 19:31:03
|t č. 17-24
|w 2026-02-21
|y PREZ
|
| 952 |
|
|
|0 0
|1 0
|4 0
|7 0
|a SNK
|b SNK
|d 1997-06-17
|l 0
|o snkČSB 2196/5/1976/2
|p 17A0073391
|r 2005-01-02 00:00:00
|t č. 11-24
|w 2026-02-21
|y PREZ
|
| 952 |
|
|
|0 0
|1 0
|4 0
|7 0
|a SNK
|b SNK
|d 1997-06-17
|l 0
|o snkČSB 2196/5/1976/1
|p 17A0073380
|r 2005-01-02 00:00:00
|t č. 1-10
|w 2026-02-21
|y PREZ
|
| 952 |
|
|
|0 0
|1 0
|4 0
|7 0
|a SNK
|b SNK
|d 1997-07-01
|l 0
|o snkČSB 2196/4/1975/3
|p 17A0076768
|r 2005-01-02 00:00:00
|w 2026-02-21
|y PREZ
|
| 952 |
|
|
|0 0
|1 0
|4 0
|7 0
|a SNK
|b SNK
|d 2011-03-14
|i snkČSP 1100/77
|l 0
|o snkČSB 2196/6/1977/1 D1
|p 17A0693579
|r 2026-02-21 19:56:40
|t č. 1-12
|w 2026-02-21
|y PREZ
|
| 952 |
|
|
|0 0
|1 0
|4 0
|7 0
|a SNK
|b SNK
|d 2024-11-12
|i snkČSP 753/74
|l 0
|o snkČSB 2196/2/1973/1 D1
|p 17A1317802
|r 2026-02-21 19:58:31
|t č. 1-12, neúplné
|w 2026-02-21
|y PREZ
|z chýba č. 6, 9
|
| 952 |
|
|
|0 0
|1 0
|4 0
|7 0
|a SNK
|b SNK
|d 2011-02-21
|i snkČSP 432/76
|l 0
|o snkČSB 2196/5/1976/2 D1
|p 17A0688993
|r 2026-02-21 20:05:35
|t č. 11-24
|w 2026-02-21
|y PREZ
|
| 952 |
|
|
|0 0
|1 0
|4 0
|7 0
|a SNK
|b SNK
|d 2011-03-02
|i snkČSP 754/74
|l 0
|o snkČSB 2196/2/1973/2 D1
|p 17A0688850
|r 2026-02-21 20:05:39
|t č. 13-24
|w 2026-02-21
|y PREZ
|
| 952 |
|
|
|0 0
|1 0
|4 0
|7 0
|a SNK
|b SNK
|d 2012-02-20
|i snkČSP 431/76
|l 0
|o snkČSB 2196/5/1976/1 D1
|p 17A0887325
|r 2026-02-21 20:17:33
|t č. 2-10, úplný
|w 2026-02-21
|y PREZ
|
| 952 |
|
|
|0 0
|1 0
|4 0
|7 0
|a SNK
|b SNK
|d 1997-09-16
|l 0
|o snkČSB 2196/1986 D1
|p 17A0095188
|r 2005-01-02 00:00:00
|w 2026-02-21
|y PREZ
|
| 952 |
|
|
|0 0
|1 0
|4 0
|7 0
|a SNK
|b SNK
|d 1997-11-25
|i snkČSP 1418/74
|l 0
|o snkČSB 2196/3/1974/1
|p 17A0106918
|r 2005-01-02 00:00:00
|t č. 1-8
|w 2026-02-21
|y PREZ
|
| 952 |
|
|
|0 0
|1 0
|4 0
|7 0
|a SNK
|b SNK
|d 1997-11-25
|l 0
|o snkČSB 2196/3/1974/2
|p 17A0110946
|r 2005-01-02 00:00:00
|w 2026-02-21
|y PREZ
|
| 952 |
|
|
|0 0
|1 0
|4 0
|7 0
|a SNK
|b SNK
|d 2014-03-18
|i snkČSP 818/78
|l 0
|o snkČSB 2196/4/1975/3 D1
|p 17A1024086
|r 2026-02-21 20:41:54
|t č. 17-24
|w 2026-02-21
|y PREZ
|
| 952 |
|
|
|0 0
|1 0
|4 0
|7 0
|a SNK
|b SNK
|d 1998-04-08
|l 0
|o snkČSB 2196/6/1977/2
|p 17A0135704
|r 2005-01-02 00:00:00
|w 2026-02-21
|y PREZ
|
| 952 |
|
|
|0 0
|1 0
|4 0
|7 0
|a SNK
|b SNK
|d 1998-06-10
|l 0
|o snkČSB 2196/6/1977/1
|p 17A0143533
|r 2005-01-02 00:00:00
|w 2026-02-21
|y PREZ
|
| 952 |
|
|
|0 0
|1 0
|4 0
|7 0
|a SNK
|b SNK
|d 2001-09-20
|l 0
|o snkČSB 2196/1/1972/1
|p 17A0315713
|r 2005-01-02 00:00:00
|w 2026-02-21
|y PREZ
|
| 952 |
|
|
|0 0
|1 0
|4 0
|7 0
|a SNK
|b SNK
|d 2009-08-18
|i snkČSP 821/76
|l 0
|o snkČSB 2196/4/1975/1
|p 17A0626720
|r 2026-02-21 21:41:27
|t č. 1-8
|w 2026-02-21
|y PREZ
|
| 952 |
|
|
|0 0
|1 0
|4 0
|7 0
|a SNK
|b SNK
|d 2010-03-08
|i snkČSP 458/73
|l 0
|o snkČSB 2196/1/1972/2
|p 17A0648808
|r 2026-02-21 21:41:53
|t č. 12 -22
|w 2026-02-21
|y PREZ
|
| 952 |
|
|
|0 0
|1 0
|4 0
|7 0
|a SNK
|b SNK
|d 2019-06-17
|l 0
|o snkČSB 2196/4/1975/1 D1
|p 17A1078050
|r 2026-02-21 22:14:39
|w 2026-02-21
|y PREZ
|